| 000 | 01899cad a22002055a 4500 | ||
|---|---|---|---|
| 001 | L142660 | ||
| 008 | 080227e20071128xxk v 000 0 eng d | ||
| 035 | _a(Sirsi) u142660 | ||
| 041 | 0 | _aeng | |
| 245 | 0 | 0 |
_aAldi Stores Ltd v WSP Group plc, WSP London Ltd and Aspinwall and Co Ltd _h[electronic resource] |
| 260 | _c2007 | ||
| 520 | _a[2007] EWCA Civ 1260, 28 November 2007. Considers whether a client's actions amounted to an abuse of power, when the client initially sued a contractor but not its clients, but then later sued the clients as well. Building company (H) had built stores for appellant company (Al) and another retailer (B). H and the respondent consultants (W and As) gave warranties under seal to say they had properly performed their obligations. Subsequently the stores suffered from subsidence. Al initially brought proceedings against H, which went into administration. Meanwhile B also brought proceedings against H, W and As. Al obtained a judgment against H and tried to enforce it against H's liability insurers. The primary layer insurers indemnified H but the excess layer insurers declined to pay. Al then issued proceedings against W and As alleging breach of the warranties. Al's claims against W and As were struck out on the grounds that Al should have pursued them in the original action. Al appealed. "Held": appeal allowed. Al's conduct was not an abuse of process as Al had not previously sued the consultants and Al's approach was deemed to be fair. | ||
| 590 | _aKA | ||
| 650 | 2 | 4 | _aALDI STORES LTD V WSP GROUP AND OTHERS |
| 650 | 2 | 4 | _aJOHNSON V GORE WOOD AND CO |
| 651 | 4 |
_aEngland and Wales _y1543- |
|
| 690 | _aBUILT ENVIRONMENT-CONSTRUCTION MANAGEMENT-BUILDING CONTRACT ADMINISTRATION | ||
| 856 | 4 | 0 |
_uhttps://www.bailii.org/cgi-bin/markup.cgi?doc=/ew/cases/EWCA/Civ/2007/1260.html _zView the judgment free of charge at www.bailii.org... |
| 942 | _n0 | ||
| 999 |
_c79900 _d79900 |
||